000 00533nam a2200193 a 4500
001 1771563656279
003 YourLibrary
005 20260220105810.0
008 260220s1998##################000#0#eng##
020 _a9781858989723
082 0 4 _a330.071173
_bBEC
100 1 _aBecker, William E.,
_eauthor.
245 1 0 _aTeaching Economics to Undergraduates :
260 _bEdward Elgar Publishing,
_c1998.
300 _a466 pages
650 0 _aBusiness & Economics.
942 _cENGLISH
040 _aYourLibrary
_beng
_cYourLibrary
999 _c613130
_d613130